=LDR 00000nam 2200000 4500 =001 INLIS000000000015575 =005 20130612110842 =008 ***********************************Indo** =035 ##$$0010-061300000015575 =041 ##$$a Indo =082 ##$$a 028.5 =090 ##$$a 028.5, Yuh g =100 ##$$a Yuhyar Cecep M =245 ##$$a Gelandangan Dan Dermawan, Cecep M Yuhyar =250 ##$$a Bp No.3353 =260 ##$$a 1985 $b Jakarta =300 ##$$a 66 hlm, ilus, 20 cm =650 ##$$a Bacaan Kanak-Kanak =850 ##$$a NBPNMAT